| Tag |
First Indicator |
Second Indicator |
Subfields |
| LEADER |
00000ces a2200000Ii 4500 |
| 001 |
in00002811151 |
| 005 |
20151202173332.0 |
| 006 |
s x f0 0 |
| 006 |
m o d f |
| 007 |
aj cznzn |
| 007 |
cr cn||||||||| |
| 008 |
130114c20039999dcuae kbd c fo 0 eng c |
| 034 |
1 |
|
|a a
|b 10000
|d E1443500
|e E1444100
|f N0132800
|g N0132400
|
| 035 |
|
|
|a (OCoLC)ocn824157661
|
| 037 |
|
|
|a NSN 7642-01-401-3790
|b DOD
|
| 037 |
|
|
|a 81 AHA 81054
|b NGA
|
| 037 |
|
|
|a 81054
|b NOS
|
| 040 |
|
|
|a GPO
|b eng
|e rda
|c GPO
|d MvI
|d UtOrBLW
|
| 043 |
|
|
|a pogu---
|a pn-----
|
| 049 |
|
|
|a WWW
|
| 052 |
|
|
|a 9417
|b A34
|b A6
|
| 052 |
|
|
|a 9237
|b P54
|
| 074 |
|
|
|a 0191-B-14 (online)
|
| 086 |
0 |
|
|a C 55.418/7:81054/
|
| 110 |
2 |
|
|a United States Coast Survey.
|
| 245 |
1 |
0 |
|a Pacific Ocean, Mariana Islands, Apra Harbor, Island of Guam, Territory of Guam /
|c Coast Survey.
|
| 246 |
3 |
0 |
|a Apra Harbor
|
| 255 |
|
|
|a Scale 1:10,000 at lat. 13°27ʹ ;
|b Mercator projection
|c (E 144°35ʹ--E 144°41ʹ/N 13°28ʹ--N 13°24ʹ).
|
| 264 |
|
1 |
|a Washington, D.C. :
|b U.S. Department of Commerce, National Oceanic and Atmospheric Administration, National Ocean Service, Coast Survey.
|
| 300 |
|
|
|a online resource (maps) :
|b color
|
| 310 |
|
|
|a Irregular
|
| 336 |
|
|
|a cartographic image
|b cri
|2 rdacontent
|
| 337 |
|
|
|a computer
|b c
|2 rdamedia
|
| 338 |
|
|
|a online resource
|b cr
|2 rdacarrier
|
| 362 |
0 |
|
|a 13th ed. (Feb. /03)-
|
| 500 |
|
|
|a Depths shown by isolines and soundings.
|
| 500 |
|
|
|a Relief shown by contours and hachures.
|
| 500 |
|
|
|a "Soundings in feet."
|
| 500 |
|
|
|a Includes tidal information.
|
| 588 |
|
|
|a Latest issue consulted: 16th ed., Sept. 2008.
|
| 588 |
|
|
|a Description based on: 13th ed., Feb. 2003; title from title screen (viewed Jan. 14, 2013).
|
| 515 |
|
|
|a "Formerly C&GS 4197, 1st ed., Sept 1957 KAPP 2830."
|
| 515 |
|
|
|a Numbering realigned 1974 to conform to a new uniform US numbering system for all navigation charts.
|
| 651 |
|
0 |
|a Apra Harbor (Guam)
|x Navigation.
|
| 651 |
|
0 |
|a Agat Bay (Guam)
|x Navigation.
|
| 651 |
|
0 |
|a Philippine Sea
|x Navigation.
|
| 776 |
0 |
8 |
|i Print version:
|a United States Coast Survey.
|t Pacific Ocean, Mariana Islands, Apra Harbor, Island of Guam, Territory of Guam
|w (DLC) 2006231244
|w (OCoLC)52344651
|
| 856 |
4 |
0 |
|3 Current edition:
|u http://purl.fdlp.gov/GPO/gpo33021
|t 0
|
| 856 |
4 |
0 |
|3 Archives:
|u http://purl.fdlp.gov/GPO/gpo32884
|t 0
|
| 999 |
|
|
|a MARS
|
| 999 |
f |
f |
|s f7de0bfc-a72b-323a-ab9c-e43904fc5bb5
|i aabfc3c3-6103-3739-a6bb-d57715a4ca7b
|t 0
|
| 952 |
f |
f |
|a Texas A&M University
|b College Station
|c Electronic Resources
|d Available Online
|t 0
|e C 55.418/7:81054/
|h Superintendent of Documents classification
|
| 998 |
f |
f |
|a C 55.418/7:81054/
|t 0
|l Available Online
|